[Event "Montcalm op 3 2012-13"]
[Site "Quebec CAN"]
[Date "2012.11.22"]
[Round "2"]
[White "Bourassa, Andre"]
[Black "Auger, Bertrand"]
[Result "1/2-1/2"]
[WhiteElo "1754"]
[BlackElo "2011"]
[PlyCount "131"]
[GameId "2160767909411454"]
[EventDate "2012.11.15"]
[EventType "swiss"]
[EventRounds "5"]
[EventCountry "CAN"]
[SourceTitle "EXT 2022"]
[Source "ChessBase"]
[SourceDate "2021.10.06"]
[SourceVersion "1"]
[SourceVersionDate "2021.10.06"]
[SourceQuality "1"]

1. d4 Nf6 2. c4 c6 3. Nc3 d5 4. e3 e6 5. Bd3 Bd6 6. Nf3 O-O 7. Ne5 Nbd7 8. f4 dxc4 9. Nxc4 Bc7 10. O-O b5 11. Ne5 Bb7 12. Qf3 Nxe5 13. fxe5 Nd5 14. Qh3 h6 15. Bb1 Nxc3 16. bxc3 c5 17. a3 f5 18. Ra2 Bd5 19. Raf2 Bc4 20. Re1 Qd7 21. Qh5 Rad8 22. Qg6 Qf7 23. Qxf7+ Rxf7 24. Bb2 Rfd7 25. Bc1 a5 26. Ba2 Bd5 27. Bxd5 Rxd5 28. Rb2 cxd4 29. cxd4 b4 30. axb4 axb4 31. Bd2 Bxe5 32. Bxb4 Bf6 33. Rc2 Rb8 34. Ba3 Rb3 35. Bc1 Rd7 36. g3 g5 37. Kg2 Kf7 38. Kf3 g4+ 39. Kf2 h5 40. Bd2 h4 41. Rec1 h3 42. Rc7 Rb7 43. Rxd7+ Rxd7 44. Ke2 Ra7 45. Rc2 Ke7 46. Bb4+ Kd7 47. Bf8 Bd8 48. Bh6 Rc7 49. Rxc7+ Bxc7 50. Kf2 Kc6 51. Bf8 Kd5 52. Bb4 Ke4 53. Bc3 Bd6 54. Ba5 Bf8 55. Ke2 Ba3 56. Bc7 Bf8 57. Bf4 Bg7 58. Bg5 e5 59. dxe5 Bxe5 60. Bf4 Bb2 61. Bh6 Bc1 62. Bg5 Ba3 63. Bh6 Bd6 64. Bf4 Bf8 65. Bg5 Bc5 66. Bh6 1/2-1/2

[Event "Montcalm op 3 2012-13"]
[Site "Quebec CAN"]
[Date "2012.11.22"]
[Round "2"]
[White "Ripoll, Arthur"]
[Black "Gauthier, Jean Claude"]
[Result "1-0"]
[WhiteElo "1569"]
[BlackElo "1102"]
[PlyCount "78"]
[GameId "2160767739649022"]
[EventDate "2012.11.15"]
[EventType "swiss"]
[EventRounds "5"]
[EventCountry "CAN"]
[SourceTitle "EXT 2022"]
[Source "ChessBase"]
[SourceDate "2021.10.06"]
[SourceVersion "1"]
[SourceVersionDate "2021.10.06"]
[SourceQuality "1"]

1. e4 e5 2. Nf3 Nc6 3. Bc4 Bc5 4. b4 Bxb4 5. c3 Ba5 6. d4 exd4 7. O-O dxc3 8. Qb3 Qe7 9. Ba3 Bb4 10. Bxb4 Nxb4 11. Bxf7+ Qxf7 12. Qxb4 Ne7 13. Qxc3 c6 14. Ne5 Qf6 15. Nc4 O-O 16. e5 Qg6 17. Nd6 Nd5 18. Qb3 Rb8 19. Nc3 Qe6 20. Nxd5 cxd5 21. Rfe1 b6 22. Rac1 Bb7 23. Rc7 Bc6 24. Rxa7 b5 25. Qe3 Ra8 26. Rxa8 Rxa8 27. Qe2 d4 28. Ra1 Qg6 29. f3 d3 30. Qd1 Bd5 31. Nxb5 Rxa2 32. Rxa2 Bxa2 33. Nc3 Be6 34. Ne4 Bc4 35. h3 Qb6+ 36. Kh1 Qd4 37. Qa4 Qd5 38. Nc3 Qc6 39. Qd1 Ba6 {Time/temps} 1-0

[Event "Montcalm op 3 2012-13"]
[Site "Quebec CAN"]
[Date "2012.11.29"]
[Round "3"]
[White "Arcand, Christian"]
[Black "Ripoll, Arthur"]
[Result "0-1"]
[WhiteElo "1238"]
[BlackElo "1569"]
[PlyCount "60"]
[GameId "2160767909411455"]
[EventDate "2012.11.15"]
[EventType "swiss"]
[EventRounds "5"]
[EventCountry "CAN"]
[SourceTitle "EXT 2022"]
[Source "ChessBase"]
[SourceDate "2021.10.06"]
[SourceVersion "1"]
[SourceVersionDate "2021.10.06"]
[SourceQuality "1"]

1. d4 e5 2. c4 exd4 3. Nf3 c5 4. e3 dxe3 5. Bxe3 Nf6 6. Bd3 Be7 7. Nc3 O-O 8. Bc2 d6 9. Qd3 g6 10. Nh4 Ng4 11. Nxg6 fxg6 12. Qd5+ Kh8 13. Bd2 Nc6 14. Ne4 Nb4 15. Bc3+ Nf6 16. Qd2 Nxc2+ 17. Qxc2 Kg8 18. O-O-O Nxe4 19. Qxe4 Bg5+ 20. f4 Bxf4+ 21. Rd2 Qg5 22. Kd1 Bxd2 23. Bxd2 Qg4+ 24. Qxg4 Bxg4+ 25. Kc2 Rf2 26. Kc3 Re8 27. Re1 Rxe1 28. Bxe1 Rxg2 29. a3 Rxh2 30. Bg3 Rh3 0-1

[Event "Montcalm op 3 2012-13"]
[Site "Quebec CAN"]
[Date "2012.11.29"]
[Round "3"]
[White "Foucreault, Laurent"]
[Black "Boulianne, Gabriel"]
[Result "0-1"]
[WhiteElo "1618"]
[BlackElo "1768"]
[PlyCount "96"]
[GameId "2160767909411456"]
[EventDate "2012.11.15"]
[EventType "swiss"]
[EventRounds "5"]
[EventCountry "CAN"]
[SourceTitle "EXT 2022"]
[Source "ChessBase"]
[SourceDate "2021.10.06"]
[SourceVersion "1"]
[SourceVersionDate "2021.10.06"]
[SourceQuality "1"]

1. d4 Nf6 2. Bf4 g6 3. e3 Bg7 4. Nf3 d6 5. Nbd2 O-O 6. h3 Nbd7 7. c3 c5 8. Be2 Rb8 9. O-O b5 10. a3 Qb6 11. b4 cxd4 12. cxd4 Nd5 13. Rc1 Nxf4 14. exf4 Bxd4 15. Nxd4 Qxd4 16. f5 gxf5 17. Nf3 Qb6 18. Nd4 Nf6 19. Nxb5 Ne4 20. Nd4 Bd7 21. Bf3 Rbc8 22. Qd3 d5 23. g4 Qh6 24. Rxc8 Rxc8 25. Bxe4 fxe4 26. Qg3 Qf6 27. Nf5 Bxf5 28. gxf5+ Qg7 29. Kh2 Qxg3+ 30. fxg3 Rc2+ 31. Kg1 Rc3 32. Kg2 Rxa3 33. Rd1 e6 34. fxe6 fxe6 35. Kf2 Rf3+ 36. Kg2 Rf7 37. Rf1 Rxf1 38. Kxf1 e3 39. Ke2 d4 40. Kd3 e5 41. b5 e4+ 42. Ke2 Kg7 43. g4 Kg6 44. h4 Kf6 45. Kf1 d3 46. Ke1 Ke5 47. h5 Kf4 48. g5 Kxg5 0-1

[Event "Montcalm op 3 2012-13"]
[Site "Quebec CAN"]
[Date "2012.12.06"]
[Round "4"]
[White "Ripoll, Arthur"]
[Black "Bleau, John"]
[Result "0-1"]
[WhiteElo "1569"]
[BlackElo "1919"]
[PlyCount "106"]
[GameId "2160767909411457"]
[EventDate "2012.11.15"]
[EventType "swiss"]
[EventRounds "5"]
[EventCountry "CAN"]
[SourceTitle "EXT 2022"]
[Source "ChessBase"]
[SourceDate "2021.10.06"]
[SourceVersion "1"]
[SourceVersionDate "2021.10.06"]
[SourceQuality "1"]

1. e4 Nf6 2. e5 Nd5 3. d4 d6 4. c4 Nb6 5. exd6 cxd6 6. Bd3 Nc6 7. Ne2 g6 8. Nbc3 Bg7 9. d5 Ne5 10. b3 Nbd7 11. O-O Nxd3 12. Qxd3 Nc5 13. Qd2 O-O 14. Bb2 a5 15. Ng3 Bd7 16. Nce4 Nxe4 17. Nxe4 Bxb2 18. Qxb2 b5 19. c5 dxc5 20. Nxc5 Bf5 21. Rfd1 Qd6 22. Qd4 Rac8 23. Ne4 Bxe4 24. Qxe4 Rfd8 25. Qe2 Rc5 26. h3 Rd7 27. Qe1 a4 28. bxa4 bxa4 29. Qe4 a3 30. Qe3 Rc2 31. Rd3 Qf6 32. Qd4 Rxf2 33. Qxf6 Rxf6 34. Rxa3 Rxd5 35. Ra7 Rd2 36. Rf1 Re6 37. Rf3 Re1+ 38. Kh2 Ree2 39. a4 Rxg2+ 40. Kh1 Rge2 41. Kg1 Kg7 42. a5 Ra2 43. a6 Re6 44. Rf2 Raxa6 45. Rc7 f5 46. Kg2 Ra4 47. Rd2 Kf6 48. Rc8 h6 49. Kg3 Re3+ 50. Kf2 Rxh3 51. Rc6+ e6 52. Rdd6 Ra2+ 53. Kg1 Re3 0-1

[Event "Montcalm op 3 2012-13"]
[Site "Quebec CAN"]
[Date "2012.12.13"]
[Round "5"]
[White "Boulianne, Gabriel"]
[Black "Ripoll, Arthur"]
[Result "0-1"]
[WhiteElo "1768"]
[BlackElo "1569"]
[PlyCount "92"]
[GameId "2160767909411458"]
[EventDate "2012.11.15"]
[EventType "swiss"]
[EventRounds "5"]
[EventCountry "CAN"]
[SourceTitle "EXT 2022"]
[Source "ChessBase"]
[SourceDate "2021.10.06"]
[SourceVersion "1"]
[SourceVersionDate "2021.10.06"]
[SourceQuality "1"]

1. e4 e5 2. Nf3 Nc6 3. Bb5 Nd4 4. Nxd4 exd4 5. d3 Bc5 6. a3 Ne7 7. Bg5 O-O 8. Bc4 c6 9. Nd2 Kh8 10. f4 f6 11. Bh4 d5 12. Bb3 Be6 13. Bf2 Bb6 14. Nf3 c5 15. O-O Bf7 16. e5 Ng6 17. Bg3 fxe5 18. Nxe5 Nxe5 19. fxe5 Qd7 20. Qf3 Kg8 21. a4 c4 22. Ba2 Be6 23. Qe2 Rxf1+ 24. Qxf1 Qxa4 25. b3 Qc6 26. Kh1 Rf8 27. Qe2 cxd3 28. cxd3 Qc3 29. Rf1 Rxf1+ 30. Qxf1 Qc2 31. Qb1 Qxb1+ 32. Bxb1 a5 33. Kg1 Kf7 34. h3 Kg6 35. Bc2 Bf5 36. Be1 Bc7 37. g4 Be6 38. Bg3 h5 39. gxh5+ Kxh5 40. Bd1+ Kg5 41. Kg2 b5 42. Kh2 Bd7 43. Kg2 Bd8 44. Be1 Kf4 45. Bg3+ Ke3 46. Bc2 Kd2 0-1

[Event "Montcalm op 3 2012-13"]
[Site "Quebec CAN"]
[Date "2012.12.13"]
[Round "5"]
[White "Oliver, Vance"]
[Black "Bourassa, Andre"]
[Result "0-1"]
[WhiteElo "1533"]
[BlackElo "1754"]
[PlyCount "88"]
[GameId "2160767909411459"]
[EventDate "2012.11.15"]
[EventType "swiss"]
[EventRounds "5"]
[EventCountry "CAN"]
[SourceTitle "EXT 2022"]
[Source "ChessBase"]
[SourceDate "2021.10.06"]
[SourceVersion "1"]
[SourceVersionDate "2021.10.06"]
[SourceQuality "1"]

1. e4 c5 2. Nf3 d6 3. g3 b6 4. Bg2 Bb7 5. d3 e5 6. O-O Nf6 7. Nc3 Nc6 8. Ne2 d5 9. Nd2 Be7 10. exd5 Nxd5 11. Nc4 O-O 12. Ne3 Nxe3 13. fxe3 Qd7 14. Nc3 Rad8 15. Nd5 Bg5 16. Qh5 f6 17. h4 Bh6 18. Qf3 Na5 19. e4 Bxc1 20. Raxc1 Bxd5 21. exd5 Qa4 22. b3 Qxa2 23. Qf5 Rd6 24. h5 Rf7 25. Be4 g6 26. hxg6 hxg6 27. Qxg6+ Kf8 28. Bf5 Ke7 29. Qg4 Qb2 30. Qg8 Qd4+ 31. Kh2 Rd8 32. Qg6 Rh8+ 33. Bh3 Qxd5 34. Rxf6 Rxh3+ 35. Kxh3 Rxf6 36. Qg7+ Qf7 37. Qg5 Kd6 38. Re1 Nc6 39. c3 Rf5 40. Qe3 Rf2 41. Qh6+ Kc7 42. Re4 Rf1 43. Qe3 Rh1+ 44. Kg2 Qf1# 0-1

[Event "Montcalm op 4 2011-12"]
[Site "Quebec CAN"]
[Date "2012.01.12"]
[Round "1"]
[White "Arteau, Benoit"]
[Black "Bourassa, Andre"]
[Result "1-0"]
[WhiteElo "1789"]
[BlackElo "1804"]
[PlyCount "29"]
[GameId "2160767909572780"]
[EventDate "2012.01.12"]
[EventType "swiss"]
[EventRounds "5"]
[EventCountry "CAN"]
[SourceTitle "EXT 2022"]
[Source "ChessBase"]
[SourceDate "2021.10.06"]
[SourceVersion "1"]
[SourceVersionDate "2021.10.06"]
[SourceQuality "1"]

1. d4 d5 2. c4 e6 3. Nc3 Nf6 4. Nf3 Be7 5. e3 O-O 6. Qc2 c6 7. b3 Nbd7 8. Bd3 dxc4 9. bxc4 c5 10. O-O cxd4 11. exd4 Re8 12. Bf4 Nf8 13. Nb5 Nh5 14. Bc7 Qd7 15. Ne5 1-0

[Event "Montcalm op 4 2011-12"]
[Site "Quebec CAN"]
[Date "2012.01.19"]
[Round "2"]
[White "Bourassa, Andre"]
[Black "Foucreault, Laurent"]
[Result "1-0"]
[WhiteElo "1804"]
[BlackElo "1630"]
[PlyCount "91"]
[GameId "2160767909572781"]
[EventDate "2012.01.12"]
[EventType "swiss"]
[EventRounds "5"]
[EventCountry "CAN"]
[SourceTitle "EXT 2022"]
[Source "ChessBase"]
[SourceDate "2021.10.06"]
[SourceVersion "1"]
[SourceVersionDate "2021.10.06"]
[SourceQuality "1"]

1. d4 Nf6 2. c4 g6 3. Nc3 d5 4. cxd5 Nxd5 5. e4 Nxc3 6. bxc3 Bg7 7. Bc4 O-O 8. Ne2 c5 9. O-O Nd7 10. Bg5 Nb6 11. Bb3 Qc7 12. Rc1 c4 13. Bc2 e6 14. e5 Nd5 15. Qd2 b5 16. Ng3 Bb7 17. Ne4 Rae8 18. Nd6 Rb8 19. Nxb5 Qa5 20. a4 a6 21. Nd6 Qxc3 22. Qxc3 Nxc3 23. Bd1 Ne4 24. Be7 Nd2 25. Re1 Nb3 26. Rxc4 Bd5 27. Rc7 Rfe8 28. Nxe8 Rxe8 29. Bxb3 Bxb3 30. Rec1 h5 31. a5 Ba4 32. Rc8 Kh7 33. Rxe8 Bxe8 34. Rc8 Bb5 35. Bg5 Bh6 36. h4 Bxg5 37. hxg5 Kg7 38. g3 Bd3 39. f4 Bb5 40. Kf2 Bd3 41. Ke3 Bf1 42. Kd2 Bg2 43. Kc3 Bb7 44. Rb8 Bc6 45. Kb4 Bb5 46. Rxb5 1-0

[Event "Montcalm op 4 2011-12"]
[Site "Quebec CAN"]
[Date "2012.01.19"]
[Round "2"]
[White "Hebert, Marc"]
[Black "Ripoll, Arthur"]
[Result "0-1"]
[WhiteElo "1577"]
[BlackElo "1467"]
[PlyCount "72"]
[GameId "2160767909572783"]
[EventDate "2012.01.12"]
[EventType "swiss"]
[EventRounds "5"]
[EventCountry "CAN"]
[SourceTitle "EXT 2022"]
[Source "ChessBase"]
[SourceDate "2021.10.06"]
[SourceVersion "1"]
[SourceVersionDate "2021.10.06"]
[SourceQuality "1"]

1. Nf3 Nc6 2. c4 Nf6 3. Nc3 e5 4. d4 exd4 5. Nxd4 Bb4 6. e3 Bxc3+ 7. bxc3 O-O 8. Bd3 Ne5 9. O-O Nxd3 10. Qxd3 b6 11. e4 h6 12. f3 d6 13. Rd1 Nd7 14. Ba3 Ne5 15. Qe2 Ba6 16. Nb5 Qd7 17. f4 Nxc4 18. Qxc4 Bxb5 19. Qd4 Rfd8 20. c4 Ba4 21. Bb2 f6 22. Re1 Qc6 23. Rac1 Qc5 24. Kf2 Bc6 25. Re3 Qxd4 26. Bxd4 Re8 27. e5 fxe5 28. fxe5 dxe5 29. Rxe5 Rxe5 30. Bxe5 Rf8+ 31. Kg3 Rf7 32. Rd1 Re7 33. Rd8+ Kf7 34. Bf4 g5 35. Bd2 Re2 36. h4 Rxg2+ 0-1

[Event "Montcalm op 4 2011-12"]
[Site "Quebec CAN"]
[Date "2012.01.26"]
[Round "3"]
[White "Boulianne, Gabriel"]
[Black "Ripoll, Arthur"]
[Result "0-1"]
[WhiteElo "1726"]
[BlackElo "1467"]
[PlyCount "72"]
[GameId "2160767909572784"]
[EventDate "2012.01.12"]
[EventType "swiss"]
[EventRounds "5"]
[EventCountry "CAN"]
[SourceTitle "EXT 2022"]
[Source "ChessBase"]
[SourceDate "2021.10.06"]
[SourceVersion "1"]
[SourceVersionDate "2021.10.06"]
[SourceQuality "1"]

1. d4 d5 2. c4 c6 3. Nc3 Nf6 4. e3 e6 5. Bd3 Bd6 6. e4 dxe4 7. Nxe4 Nxe4 8. Bxe4 Bb4+ 9. Bd2 Qxd4 10. Bxh7 Qxd2+ 11. Qxd2 Bxd2+ 12. Kxd2 Rxh7 13. Nf3 f6 14. Kc3 e5 15. Rad1 Bg4 16. Rd2 Bxf3 17. gxf3 Nd7 18. Rhd1 Nb6 19. f4 Rh3+ 20. Kc2 exf4 21. Re1+ Kf7 22. Rde2 Rxh2 23. Re7+ Kg6 24. Rg1+ Kf5 25. Rgxg7 Nxc4 26. Rxb7 Rxf2+ 27. Kc3 Ne5 28. Rbe7 f3 29. Rh7 Rg2 30. Rh5+ Rg5 31. Rh2 Rg2 32. Rh5+ Kf4 33. Kd4 Rd8+ 34. Kc5 Rd5+ 35. Kb4 a5+ 36. Kc3 Rd3# 0-1

[Event "Montcalm op 4 2011-12"]
[Site "Quebec CAN"]
[Date "2012.01.26"]
[Round "3"]
[White "Doyon, Stephane"]
[Black "Bourassa, Andre"]
[Result "1/2-1/2"]
[WhiteElo "1789"]
[BlackElo "1804"]
[PlyCount "49"]
[GameId "2160767909572785"]
[EventDate "2012.01.12"]
[EventType "swiss"]
[EventRounds "5"]
[EventCountry "CAN"]
[SourceTitle "EXT 2022"]
[Source "ChessBase"]
[SourceDate "2021.10.06"]
[SourceVersion "1"]
[SourceVersionDate "2021.10.06"]
[SourceQuality "1"]

1. e4 c5 2. Nc3 Nc6 3. g3 g6 4. Bg2 Bg7 5. d3 e6 6. f4 Nge7 7. Nf3 d6 8. O-O O-O 9. Be3 f5 10. Rb1 e5 11. h3 Be6 12. Ng5 Bd7 13. Ne2 h6 14. Nf3 Nd4 15. c3 Nxf3+ 16. Rxf3 Bc6 17. Rf1 b6 18. c4 Qc7 19. Nc3 Kh7 20. Nd5 Nxd5 21. exd5 Bd7 22. fxe5 Bxe5 23. Rf3 Rae8 24. Qd2 Bg7 25. Rbf1 1/2-1/2

[Event "Montcalm op 4 2011-12"]
[Site "Quebec CAN"]
[Date "2012.02.02"]
[Round "4"]
[White "Bourassa, Andre"]
[Black "Bluteau, Yvon"]
[Result "0-1"]
[WhiteElo "1804"]
[BlackElo "1800"]
[PlyCount "84"]
[GameId "2160767909572786"]
[EventDate "2012.01.12"]
[EventType "swiss"]
[EventRounds "5"]
[EventCountry "CAN"]
[SourceTitle "EXT 2022"]
[Source "ChessBase"]
[SourceDate "2021.10.06"]
[SourceVersion "1"]
[SourceVersionDate "2021.10.06"]
[SourceQuality "1"]

1. d4 d5 2. c4 c6 3. Nf3 Nf6 4. e3 g6 5. Nc3 Bg7 6. Qb3 O-O 7. cxd5 cxd5 8. Bd3 Nc6 9. a3 Re8 10. O-O e5 11. dxe5 Nxe5 12. Nxe5 Rxe5 13. Ne2 Qd6 14. Bd2 Ne4 15. Bb4 Qb6 16. Qa2 Bf5 17. Nd4 Nc3 18. Bxc3 Bxd3 19. Rfd1 Ba6 20. Rac1 Rh5 21. Rd2 Rc8 22. Qb1 Qc7 23. Nf3 b6 24. Qc2 Qd6 25. Qd1 Bxc3 26. bxc3 Bb7 27. Qb3 Qc7 28. Rd4 Ba6 29. Qc2 Qd7 30. Qb3 Rc5 31. Re1 Qc7 32. Rc1 Be2 33. Rf4 Bxf3 34. gxf3 g5 35. Rg4 Qxh2+ 36. Kf1 Qh1+ 37. Rg1 Qxf3 38. Qa4 Kg7 39. Qxa7 Rh2 40. Rxg5+ Kh6 41. Qxb6+ Kxg5 42. Qd8+ Kh5 0-1

[Event "Montcalm op 4 2011-12"]
[Site "Quebec CAN"]
[Date "2012.02.02"]
[Round "4"]
[White "Oliver, Vance"]
[Black "Boulianne, Gabriel"]
[Result "0-1"]
[WhiteElo "1578"]
[BlackElo "1726"]
[PlyCount "46"]
[GameId "2160767909572787"]
[EventDate "2012.01.12"]
[EventType "swiss"]
[EventRounds "5"]
[EventCountry "CAN"]
[SourceTitle "EXT 2022"]
[Source "ChessBase"]
[SourceDate "2021.10.06"]
[SourceVersion "1"]
[SourceVersionDate "2021.10.06"]
[SourceQuality "1"]

1. Nf3 d5 2. g3 Bf5 3. Bg2 Nd7 4. Nd4 Be4 5. f3 Bg6 6. e4 e5 7. Ne2 dxe4 8. fxe4 Ngf6 9. d3 Bc5 10. c3 O-O 11. Qc2 Ng4 12. d4 Qf6 13. Rf1 Qc6 14. dxc5 Nxc5 15. Nd4 exd4 16. cxd4 Bxe4 17. Bxe4 Qxe4+ 18. Qxe4 Nxe4 19. Rf4 Rfe8 20. Rxg4 Nf6+ 21. Kf1 Nxg4 22. Kg2 Ne3+ 23. Kf3 Nc2 0-1

[Event "Montcalm op 4 2011-12"]
[Site "Quebec CAN"]
[Date "2012.02.02"]
[Round "4"]
[White "Ripoll, Arthur"]
[Black "Bender, Karl"]
[Result "0-1"]
[WhiteElo "1467"]
[BlackElo "1499"]
[PlyCount "130"]
[GameId "2160767909572788"]
[EventDate "2012.01.12"]
[EventType "swiss"]
[EventRounds "5"]
[EventCountry "CAN"]
[SourceTitle "EXT 2022"]
[Source "ChessBase"]
[SourceDate "2021.10.06"]
[SourceVersion "1"]
[SourceVersionDate "2021.10.06"]
[SourceQuality "1"]

1. e4 c5 2. Nf3 d6 3. d4 cxd4 4. Nxd4 Nf6 5. Nc3 g6 6. f3 Bg7 7. Be3 Nc6 8. Qd2 Bd7 9. Bc4 Rc8 10. Bb3 Ne5 11. Bh6 O-O 12. Bxg7 Kxg7 13. h4 h5 14. O-O-O Nc4 15. Qe2 Ne5 16. Qd2 a6 17. Qg5 Rc5 18. Nf5+ Bxf5 19. exf5 Nh7 20. Qg3 Nc4 21. fxg6 fxg6 22. Qf2 Na5 23. Be6 Re5 24. Rhe1 Rxe1 25. Rxe1 Rf6 26. Qe2 Nf8 27. Bh3 e5 28. g4 hxg4 29. fxg4 Nc6 30. h5 Nd4 31. Qe4 Rf7 32. hxg6 Qg5+ 33. Kb1 Qxg6 34. Qg2 Nfe6 35. Nd5 Nf3 36. Rh1 Qe4 37. Nc3 Nd2+ 38. Kc1 Qxg2 39. Bxg2 Nf3 40. Rf1 Neg5 41. Ne4 Nxe4 42. Rxf3 Rxf3 43. Bxf3 Nc5 44. b4 Na4 45. Bxb7 Nc3 46. Kb2 Nd1+ 47. Kb3 Ne3 48. Bxa6 Nxg4 49. b5 Nf6 50. b6 Nd7 51. Bb7 Nc5+ 52. Kc4 Nxb7 53. Kd5 Kf6 54. a4 Ke7 55. c4 Kd7 56. a5 Nc5 57. b7 Kc7 58. b8=Q+ Kxb8 59. Kxd6 e4 60. Kxc5 e3 61. a6 e2 62. Kb6 e1=Q 63. c5 Qb4+ 64. Kc6 Qa5 65. Kd6 Qxa6+ 0-1

[Event "Montcalm op 4 2011-12"]
[Site "Quebec CAN"]
[Date "2012.02.09"]
[Round "5"]
[White "Boulianne, Gabriel"]
[Black "Bender, Karl"]
[Result "1-0"]
[WhiteElo "1726"]
[BlackElo "1499"]
[PlyCount "43"]
[GameId "2160767909572789"]
[EventDate "2012.01.12"]
[EventType "swiss"]
[EventRounds "5"]
[EventCountry "CAN"]
[SourceTitle "EXT 2022"]
[Source "ChessBase"]
[SourceDate "2021.10.06"]
[SourceVersion "1"]
[SourceVersionDate "2021.10.06"]
[SourceQuality "1"]

1. d4 d5 2. c4 c6 3. Nf3 g6 4. e3 Nf6 5. Nc3 Bg7 6. a4 a5 7. Qb3 Na6 8. cxd5 Nxd5 9. Nxd5 Be6 10. Qxb7 Bxd5 11. Bxa6 Rb8 12. Qa7 O-O 13. Qc5 Rb6 14. Be2 Rb4 15. O-O Qc7 16. Bd2 Rxb2 17. Bxa5 Qb7 18. Bd3 Rb8 19. Bc3 Rb3 20. Nd2 Rb6 21. a5 Ra6 22. Rfb1 1-0

[Event "Montcalm op 4 2011-12"]
[Site "Quebec CAN"]
[Date "2012.02.09"]
[Round "5"]
[White "Labrecque, Rejean"]
[Black "Bourassa, Andre"]
[Result "1-0"]
[WhiteElo "1725"]
[BlackElo "1804"]
[PlyCount "115"]
[GameId "2160767909572790"]
[EventDate "2012.01.12"]
[EventType "swiss"]
[EventRounds "5"]
[EventCountry "CAN"]
[SourceTitle "EXT 2022"]
[Source "ChessBase"]
[SourceDate "2021.10.06"]
[SourceVersion "1"]
[SourceVersionDate "2021.10.06"]
[SourceQuality "1"]

1. d4 Nf6 2. Bg5 e6 3. Bxf6 Qxf6 4. e4 Nc6 5. Nf3 e5 6. d5 Nd4 7. Nbd2 Bc5 8. c3 Nxf3+ 9. Qxf3 d6 10. Qxf6 gxf6 11. Bb5+ Ke7 12. O-O Rg8 13. Kh1 a6 14. Bd3 c6 15. b4 Ba7 16. a4 cxd5 17. exd5 f5 18. f3 Rg7 19. Nb3 Be3 20. c4 b6 21. a5 b5 22. c5 h5 23. Rae1 f4 24. Re2 h4 25. h3 Ra7 26. Rc2 Rc7 27. Rd1 f5 28. Kh2 Rf7 29. Rc3 Bb7 30. Bb1 Rf8 31. cxd6+ Kxd6 32. Rxc7 Kxc7 33. Nc5 Bc8 34. d6+ Kd8 35. d7 Bxc5 36. dxc8=Q+ Kxc8 37. bxc5 Rd8 38. Bxf5+ Kc7 39. Rxd8 Kxd8 40. Kg1 Kc7 41. Be4 Kd7 42. Kf2 Kc7 43. Ke2 Kc8 44. Kd3 Kc7 45. Bd5 Kd7 46. Ke4 b4 47. Kxe5 b3 48. Bxb3 Kc6 49. Bc4 Kb7 50. Kd4 Ka7 51. c6 Kb8 52. Bxa6 Ka8 53. Bc8 Kb8 54. Bf5 Ka8 55. c7 Ka7 56. Kc5 Kb7 57. c8=Q+ Ka7 58. Qc7+ 1-0

[Event "Montcalm op 4 2011-12"]
[Site "Quebec CAN"]
[Date "2012.02.09"]
[Round "5"]
[White "Ripoll, Arthur"]
[Black "Langelier, Frederic"]
[Result "1-0"]
[WhiteElo "1467"]
[BlackElo "1199"]
[PlyCount "63"]
[GameId "2160767909572791"]
[EventDate "2012.01.12"]
[EventType "swiss"]
[EventRounds "5"]
[EventCountry "CAN"]
[SourceTitle "EXT 2022"]
[Source "ChessBase"]
[SourceDate "2021.10.06"]
[SourceVersion "1"]
[SourceVersionDate "2021.10.06"]
[SourceQuality "1"]

1. e4 c5 2. Nf3 d6 3. d4 cxd4 4. Nxd4 g6 5. Nc3 Nf6 6. f3 Nc6 7. Be3 Bg7 8. Qd2 O-O 9. O-O-O Bd7 10. Bh6 Rc8 11. Bxg7 Kxg7 12. h4 Ne5 13. Qg5 Rxc3 14. bxc3 Qb6 15. h5 Rc8 16. hxg6 fxg6 17. f4 Nc4 18. Bxc4 Rxc4 19. Nf5+ Bxf5 20. exf5 Qe3+ 21. Kb1 Qxc3 22. Rxh7+ Nxh7 23. Qxe7+ Kh8 24. Qe8+ Kg7 25. Qxg6+ Kf8 26. Qxd6+ Kg8 27. Qg6+ Kf8 28. Rd8+ Ke7 29. Qd6+ Kf7 30. Rd7+ Kg8 31. Qg6+ Kf8 32. Qf7# 1-0

[Event "Montcalm op 5 2011-12"]
[Site "Quebec CAN"]
[Date "2012.02.16"]
[Round "1"]
[White "Bergeron, Marc"]
[Black "Boulianne, Gabriel"]
[Result "1-0"]
[WhiteElo "2039"]
[BlackElo "1722"]
[PlyCount "81"]
[GameId "2160767909576315"]
[EventDate "2012.02.16"]
[EventType "swiss"]
[EventRounds "5"]
[EventCountry "CAN"]
[SourceTitle "EXT 2022"]
[Source "ChessBase"]
[SourceDate "2021.10.06"]
[SourceVersion "1"]
[SourceVersionDate "2021.10.06"]
[SourceQuality "1"]

1. c4 c5 2. Nc3 Nf6 3. g3 g6 4. Bg2 Bg7 5. e4 Nc6 6. Nge2 e5 7. h3 Nd4 8. a3 Qb6 9. Rb1 Qb3 10. Nxd4 Qxd1+ 11. Kxd1 cxd4 12. Nb5 Ke7 13. d3 Ne8 14. a4 d6 15. Rf1 Bd7 16. b3 h5 17. f4 Bh6 18. Ba3 a6 19. Nxd6 Nxd6 20. fxe5 Ke6 21. exd6 h4 22. g4 b5 23. a5 Ke5 24. c5 f6 25. b4 Bf4 26. Rf3 g5 27. Kc2 Rac8 28. Re1 Rhf8 29. Bb2 Rfe8 30. Ref1 Rf8 31. Bc1 Bxc1 32. Kxc1 Rf7 33. R1f2 Rff8 34. Bf1 Be6 35. Be2 Bg8 36. Bd1 Ba2 37. Kb2 Be6 38. Bb3 Bxb3 39. Kxb3 Rcd8 40. Rxf6 Rxd6 41. R2f5# 1-0

[Event "Montcalm op 5 2011-12"]
[Site "Quebec CAN"]
[Date "2012.02.16"]
[Round "1"]
[White "Bourassa, Andre"]
[Black "Deschenes, Andre Philippe"]
[Result "1-0"]
[WhiteElo "1760"]
[BlackElo "1165"]
[PlyCount "39"]
[GameId "2160767909576316"]
[EventDate "2012.02.16"]
[EventType "swiss"]
[EventRounds "5"]
[EventCountry "CAN"]
[SourceTitle "EXT 2022"]
[Source "ChessBase"]
[SourceDate "2021.10.06"]
[SourceVersion "1"]
[SourceVersionDate "2021.10.06"]
[SourceQuality "1"]

1. d4 Nf6 2. c4 c5 3. d5 b5 4. cxb5 d6 5. Nc3 a6 6. e4 g6 7. f3 Bd7 8. Qb3 Qb6 9. bxa6 Qxb3 10. axb3 Bc8 11. Nb5 Kd8 12. a7 Na6 13. Bd2 Bg7 14. Ba5+ Kd7 15. Nd4 Nc7 16. Nc6 Ba6 17. Ne2 e6 18. Nb8+ Ke7 19. Bxc7 Rxa7 20. Nc6+ 1-0

[Event "Montcalm op 5 2011-12"]
[Site "Quebec CAN"]
[Date "2012.02.16"]
[Round "1"]
[White "Cummins, Paul"]
[Black "Ripoll, Arthur"]
[Result "1-0"]
[WhiteElo "1764"]
[BlackElo "1539"]
[PlyCount "61"]
[GameId "2160767909576317"]
[EventDate "2012.02.16"]
[EventType "swiss"]
[EventRounds "5"]
[EventCountry "CAN"]
[SourceTitle "EXT 2022"]
[Source "ChessBase"]
[SourceDate "2021.10.06"]
[SourceVersion "1"]
[SourceVersionDate "2021.10.06"]
[SourceQuality "1"]

1. e4 e5 2. f4 d5 3. exd5 e4 4. d3 exd3 5. Bxd3 Bc5 6. Nf3 Nf6 7. Qe2+ Qe7 8. Qxe7+ Kxe7 9. Nc3 Re8 10. Ne5 a6 11. Bd2 b5 12. O-O-O b4 13. Na4 Bd6 14. Rde1 Kf8 15. h3 Nxd5 16. c4 Ne7 17. b3 Nd7 18. Nxd7+ Bxd7 19. c5 Bxa4 20. cxd6 cxd6 21. bxa4 Rec8+ 22. Kb1 Rc5 23. Rc1 Ra5 24. Bc2 Rb8 25. Bb3 Nf5 26. Rc4 g6 27. Rxb4 Re8 28. g4 Ng3 29. Re1 Rc8 30. Rb7 d5 31. Bxa5 1-0